Efektivnost správních orgánů jako významný faktor konkurenceschopnosti organizací

Úroveň správy spoločností je jedným z faktorov, ktoré rozhodujú o hospodárskych výsledkoch a konkurencieschopnosti podnikov. Kvalita a efektívnosť správy spoločností je ovplyvňovaná predovšetkým oeganizačnou architektúrou správnych orgánov a rozdelením kompetencií. Praktické príklady.

Na minha lista:
Detalhes bibliográficos
Autor principal: Malý, Milan
Formato: Capítulo de Livro
Idioma:tcheco
Assuntos:
Tags: Adicionar Tag
Sem tags, seja o primeiro a adicionar uma tag!

MARC

LEADER 00000nla a2200000 4500
001 0162003
005 20220411124638.3
041 0 |a cze 
044 |a CZ 
245 1 0 |a Efektivnost správních orgánů jako významný faktor konkurenceschopnosti organizací  |c Milan Malý 
520 |a Úroveň správy spoločností je jedným z faktorov, ktoré rozhodujú o hospodárskych výsledkoch a konkurencieschopnosti podnikov. Kvalita a efektívnosť správy spoločností je ovplyvňovaná predovšetkým oeganizačnou architektúrou správnych orgánov a rozdelením kompetencií. Praktické príklady. 
610 2 0 |a spoločnosti 
610 2 0 |a správa spoločnosti 
610 2 0 |a štruktúra organizačná 
610 2 0 |a kompetencie 
610 2 0 |a konkurencieschopnosť 
100 1 |a Malý, Milan